<?xml version="1.0" encoding="UTF-8"?>
<record
    xmlns:xsi="http://www.w3.org/2001/XMLSchema-instance"
    xsi:schemaLocation="http://www.loc.gov/MARC21/slim http://www.loc.gov/standards/marcxml/schema/MARC21slim.xsd"
    xmlns="http://www.loc.gov/MARC21/slim">

  <leader>01004nam a2200289 i 4500</leader>
  <controlfield tag="001">000000108854</controlfield>
  <controlfield tag="003">IT-RoPUS</controlfield>
  <controlfield tag="005">20220918181311.0</controlfield>
  <controlfield tag="008">050127s2003    it           u000 u ita c</controlfield>
  <datafield tag="020" ind1=" " ind2=" ">
    <subfield code="a">8838239177</subfield>
  </datafield>
  <datafield tag="035" ind1=" " ind2=" ">
    <subfield code="a">(BNCR)PUV0955824</subfield>
  </datafield>
  <datafield tag="035" ind1=" " ind2=" ">
    <subfield code="a">(IT-RoPUS)108854</subfield>
  </datafield>
  <datafield tag="040" ind1=" " ind2=" ">
    <subfield code="a">IT-RoPUS</subfield>
    <subfield code="b">ita</subfield>
    <subfield code="c">IT-RoPAU</subfield>
  </datafield>
  <datafield tag="082" ind1="0" ind2="4">
    <subfield code="a">248</subfield>
    <subfield code="2">21</subfield>
  </datafield>
  <datafield tag="100" ind1="0" ind2=" ">
    <subfield code="a">Ioane Sabanisze.</subfield>
    <subfield code="9">39736</subfield>
  </datafield>
  <datafield tag="245" ind1="1" ind2="3">
    <subfield code="a">La spiritualit&#xE0; georgiana :</subfield>
    <subfield code="b">Martirio di Abo, santo e beato martire di Cristo /</subfield>
    <subfield code="c">di Ioane Sabanisze ; [introduzione, traduzione, commento e indici di] Gaga Shurgaia ; presentazione di Levan Menabde.</subfield>
  </datafield>
  <datafield tag="246" ind1="1" ind2="3">
    <subfield code="a">Martirio di Abo, santo e beato martire di Cristo</subfield>
  </datafield>
  <datafield tag="260" ind1=" " ind2=" ">
    <subfield code="a">Roma :</subfield>
    <subfield code="b">Studium,</subfield>
    <subfield code="c">2003.</subfield>
  </datafield>
  <datafield tag="300" ind1=" " ind2=" ">
    <subfield code="a">295 p. ;</subfield>
    <subfield code="c">19 cm</subfield>
  </datafield>
  <datafield tag="490" ind1="1" ind2=" ">
    <subfield code="a">La spiritualit&#xE0; cristiana orientale ;</subfield>
    <subfield code="v">3</subfield>
  </datafield>
  <datafield tag="504" ind1=" " ind2=" ">
    <subfield code="a">Bibliogr.</subfield>
  </datafield>
  <datafield tag="700" ind1="1" ind2=" ">
    <subfield code="a">Menabde, Levan.</subfield>
    <subfield code="9">52805</subfield>
  </datafield>
  <datafield tag="700" ind1="1" ind2=" ">
    <subfield code="a">Shurgaia, Gaga.</subfield>
    <subfield code="9">73637</subfield>
  </datafield>
  <datafield tag="830" ind1=" " ind2="0">
    <subfield code="a">Spiritualit&#xE0; cristiana orientale ;</subfield>
    <subfield code="v">3.</subfield>
    <subfield code="9">36040</subfield>
  </datafield>
  <datafield tag="942" ind1=" " ind2=" ">
    <subfield code="a">BKS</subfield>
    <subfield code="c">BK</subfield>
  </datafield>
  <datafield tag="999" ind1=" " ind2=" ">
    <subfield code="c">108573</subfield>
    <subfield code="d">108573</subfield>
  </datafield>
  <datafield tag="952" ind1=" " ind2=" ">
    <subfield code="0">0</subfield>
    <subfield code="1">0</subfield>
    <subfield code="2">ddc</subfield>
    <subfield code="4">0</subfield>
    <subfield code="6">940_530000000000000</subfield>
    <subfield code="7">1</subfield>
    <subfield code="a">PAULUS</subfield>
    <subfield code="b">PAULUS</subfield>
    <subfield code="d">2015-07-23</subfield>
    <subfield code="l">0</subfield>
    <subfield code="o">940.53</subfield>
    <subfield code="p">9788838239177</subfield>
    <subfield code="r">2015-07-23 00:00:00</subfield>
    <subfield code="w">2015-07-23</subfield>
    <subfield code="y">BK</subfield>
  </datafield>
</record>
